000 00292nam a2200133Ia 4500
999 _c14383
_d14383
003 OSt
005 20260402165408.0
008 260210s9999 xx 000 0 und d
020 _a9781598841527
100 _aDownie
245 0 _aClimate Change
260 _bABC-CLIO
_c2009
942 _cUG
_2ddc